| 000 | 01351nam a2200229Ia 4500 | ||
|---|---|---|---|
| 003 | Ost | ||
| 005 | 20260507075612.0 | ||
| 008 | 260507s9999||||xx |||||||||||||| ||und|| | ||
| 040 | _cfsecg | ||
| 041 | _aara | ||
| 082 | _a332.642 | ||
| 100 |
_aالحناوي، محمد صالح _eمؤلف |
||
| 245 | 0 |
_aبورصة الأوراق المالية : _bبين النظرية والتطبيق / _c محمد صالح الحناوي |
|
| 260 |
_aالاسكندرية: _bالدار الجامعية, _c2005 |
||
| 300 |
_a400 صفحة؛ _bإيضاحات ؛ _c24 سم |
||
| 504 | _aمصطلحات هامة ص.394 قاموس شرح المصطلحات ص.395 | ||
| 520 | _aأسواق المال والأوراق المالية، أسواق الأوراق المالية في الدول المتقدمة، تحديد أسعار الأوراق المالية في البورصة، سوق الأوراق المالية في مصر، صناديق الاستثمار، تقييم أداء صناديق الاستثمار، مؤشرات السوق، قراءة وتحليل البيانات المالية المنشورة، عقود المبادلات، العقود المستقبلية | ||
| 653 | _aالأوراق المالية | ||
| 653 | _aالبورصات | ||
| 700 |
_aالعبد، جلال ابراهيم _eمؤلف ثانوي |
||
| 942 | _cكتاب | ||
| 999 |
_c45085 _d45085 |
||